[Event "ccc 2015 1"]
[Site "?"]
[Date "2015.04.30"]
[Round "2.9"]
[White "Lundin, Jan"]
[Black "Brynell, Stellan"]
[Result "1/2-1/2"]
[BlackElo "2433"]
[WhiteElo "2234"]
[LiveChessVersion "1.4.5"]

1. e4 {[%clk 1:30:21]} e6 {[%clk 1:27:52]} 2. d4 {[%clk 1:30:44]} d5
{[%clk 1:28:18]} 3. e5 {[%clk 1:31:09]} c5 {[%clk 1:28:40]} 4. c3
{[%clk 1:31:34]} Nc6 {[%clk 1:28:58]} 5. Be3 {[%clk 1:31:29]} Qb6
{[%clk 1:27:57]} 6. Qd2 {[%clk 1:31:44]} cxd4 {[%clk 1:23:02]} 7. cxd4
{[%clk 1:32:06]} Bd7 {[%clk 1:23:26]} 8. Nf3 {[%clk 1:31:09]} Rc8
{[%clk 1:23:08]} 9. Be2 {[%clk 1:23:56]} Bb4 {[%clk 1:17:47]} 10. Nc3
{[%clk 1:24:11]} Na5 {[%clk 1:18:10]} 11. O-O {[%clk 1:20:57]} Ne7
{[%clk 1:08:26]} 12. Rfc1 {[%clk 1:11:12]} Nc4 {[%clk 0:55:02]} 13. Bxc4
{[%clk 1:10:08]} Rxc4 {[%clk 0:55:29]} 14. Qd3 {[%clk 1:03:12]} Bb5
{[%clk 0:45:59]} 15. Nxb5 {[%clk 0:56:13]} Qxb5 {[%clk 0:46:07]} 16. Qb3
{[%clk 0:53:13]} Nc6 {[%clk 0:42:40]} 17. Rxc4 {[%clk 0:45:53]} Qxc4
{[%clk 0:40:47]} 18. Qa4 {[%clk 0:36:35]} Ba5 {[%clk 0:31:56]} 19. Qa3
{[%clk 0:28:14]} Qb4 {[%clk 0:29:28]} 20. Qd3 {[%clk 0:25:24]} Qxb2
{[%clk 0:24:32]} 21. Rb1 {[%clk 0:25:43]} Qxa2 {[%clk 0:24:58]} 22. Rxb7
{[%clk 0:25:46]} Qa1+ {[%clk 0:20:55]} 23. Rb1 {[%clk 0:25:44]} Qa4
{[%clk 0:21:21]} 24. Rb7 {[%clk 0:22:55]} Bb6 {[%clk 0:21:03]} 25. h4
{[%clk 0:22:36]} h6 {[%clk 0:15:37]} 26. g4 {[%clk 0:21:55]} h5 {[%clk 0:14:28]}
27. Ng5 {[%clk 0:21:13]} Nd8 {[%clk 0:14:19]} 28. Nxf7 {[%clk 0:20:41]} Nxf7
{[%clk 0:12:29]} 29. Qg6 {[%clk 0:20:56]} O-O {[%clk 0:12:45]} 30. gxh5
{[%clk 0:17:33]} Bxd4 {[%clk 0:11:11]} 31. h6 {[%clk 0:05:56]} Bxe5
{[%clk 0:11:36]} 32. Bc5 {[%clk 0:05:21]} Nxh6 {[%clk 0:06:26]} 33. Qxe6+
{[%clk 0:04:57]} Rf7 {[%clk 0:05:53]} 34. Rxf7 {[%clk 0:03:47]} Nxf7
{[%clk 0:06:12]} 35. Qc8+ {[%clk 0:03:07]} Kh7 {[%clk 0:06:31]} 36. Qf5+
{[%clk 0:03:31]} Kh8 {[%clk 0:02:57]} 37. Qc8+ {[%clk 0:03:33]} Nd8
{[%clk 0:01:44]} 38. Qxd8+ {[%clk 0:03:46]} Kh7 {[%clk 0:02:13]} 39. Qxd5
{[%clk 0:03:44]} Qg4+ {[%clk 0:02:41]} 40. Kf1 {[%clk 0:03:31]} Bf6
{[%clk 0:01:47]} 41. Qd3+ {[%clk 0:03:08]} Kh8 {[%clk 0:01:28]} 42. Bxa7
{[%clk 0:03:08]} Qxh4 {[%clk 0:01:49]} 43. Be3 {[%clk 0:03:11]} Qg4
{[%clk 0:02:11]} 44. Qd5 {[%clk 0:03:04]} Qh3+ {[%clk 0:02:16]} 45. Qg2
{[%clk 0:03:14]} Qxg2+ {[%clk 0:02:40]} 1/2-1/2

[Event "ccc 2015 1"]
[Site "?"]
[Date "2015.04.30"]
[Round "2.10"]
[White "Haub, Thorsten Michael"]
[Black "Bekker-Jensen, David"]
[Result "1-0"]
[BlackElo "2261"]
[WhiteElo "2412"]
[LiveChessVersion "1.4.5"]

1. g3 {[%clk 1:30:53]} d5 {[%clk 1:29:25]} 2. Bg2 {[%clk 1:31:16]} g6
{[%clk 1:29:48]} 3. d3 {[%clk 1:31:19]} Bg7 {[%clk 1:29:39]} 4. a3
{[%clk 1:30:57]} e5 {[%clk 1:29:04]} 5. Nc3 {[%clk 1:31:05]} Ne7 {[%clk 1:23:52]}
6. Nf3 {[%clk 1:29:45]} O-O {[%clk 1:22:54]} 7. O-O {[%clk 1:29:19]} c5
{[%clk 1:18:27]} 8. e4 {[%clk 1:28:47]} d4 {[%clk 1:18:10]} 9. Ne2
{[%clk 1:18:37]} Nbc6 {[%clk 1:16:08]} 10. Nh4 {[%clk 1:01:20]} f5
{[%clk 1:04:59]} 11. exf5 {[%clk 0:59:54]} Nxf5 {[%clk 1:05:17]} 12. Nf3
{[%clk 0:59:43]} Nd6 {[%clk 0:59:35]} 13. c3 {[%clk 0:49:10]} Kh8
{[%clk 0:55:34]} 14. cxd4 {[%clk 0:43:35]} cxd4 {[%clk 0:55:24]} 15. b4
{[%clk 0:31:53]} a5 {[%clk 0:43:03]} 16. bxa5 {[%clk 0:30:42]} Qxa5
{[%clk 0:31:36]} 17. Rb1 {[%clk 0:28:34]} Bf5 {[%clk 0:30:07]} 18. Ne1
{[%clk 0:27:38]} Qa6 {[%clk 0:29:03]} 19. Bb2 {[%clk 0:24:36]} Rfd8
{[%clk 0:27:46]} 20. h3 {[%clk 0:24:22]} Be6 {[%clk 0:23:53]} 21. Nc2
{[%clk 0:21:46]} Nb5 {[%clk 0:21:51]} 22. Nb4 {[%clk 0:20:30]} Nxb4
{[%clk 0:21:13]} 23. axb4 {[%clk 0:20:54]} Rac8 {[%clk 0:15:28]} 24. Qd2
{[%clk 0:19:58]} Nc3 {[%clk 0:14:16]} 25. Rbc1 {[%clk 0:18:30]} Nd5
{[%clk 0:14:09]} 26. Rxc8 {[%clk 0:15:52]} Rxc8 {[%clk 0:14:33]} 27. Bxd5
{[%clk 0:15:46]} Bxd5 {[%clk 0:14:57]} 28. f4 {[%clk 0:15:57]} Bb3
{[%clk 0:11:44]} 29. Rc1 {[%clk 0:15:05]} Rxc1+ {[%clk 0:11:07]} 30. Nxc1
{[%clk 0:15:27]} Ba4 {[%clk 0:11:15]} 31. Ne2 {[%clk 0:13:14]} Qd6
{[%clk 0:11:19]} 32. fxe5 {[%clk 0:09:22]} Bxe5 {[%clk 0:11:38]} 33. Qg5
{[%clk 0:05:32]} Bc6 {[%clk 0:11:01]} 34. Qxe5+ {[%clk 0:05:46]} Qxe5
{[%clk 0:11:20]} 35. Bxd4 {[%clk 0:06:12]} Qg7 {[%clk 0:10:16]} 36. Kf2
{[%clk 0:06:21]} Bd7 {[%clk 0:10:23]} 37. h4 {[%clk 0:06:15]} Kg8
{[%clk 0:09:14]} 38. Bxg7 {[%clk 0:06:38]} Kxg7 {[%clk 0:09:42]} 39. Ke3
{[%clk 0:05:49]} Kf6 {[%clk 0:10:05]} 40. Nc3 {[%clk 0:05:34]} Kf5
{[%clk 0:09:40]} 41. Ne4 {[%clk 0:04:33]} Bc6 {[%clk 0:10:27]} 42. b5
{[%clk 0:04:22]} Bd7 {[%clk 0:08:39]} 43. g4+ {[%clk 0:04:41]} Ke5
{[%clk 0:07:40]} 44. d4+ {[%clk 0:05:05]} 1-0

[Event "ccc 2015 1"]
[Site "?"]
[Date "2015.04.30"]
[Round "2.11"]
[White "Mitscherling, Andreas"]
[Black "Hagen, Andreas Skytte"]
[Result "0-1"]
[BlackElo "2408"]
[WhiteElo "2221"]
[LiveChessVersion "1.4.5"]

1. d4 {[%clk 1:30:55]} d5 {[%clk 1:30:55]} 2. Bf4 {[%clk 1:31:19]} Nf6
{[%clk 1:31:07]} 3. e3 {[%clk 1:31:31]} c5 {[%clk 1:31:14]} 4. Nf3
{[%clk 1:31:52]} Nc6 {[%clk 1:31:04]} 5. dxc5 {[%clk 1:28:44]} e6
{[%clk 1:29:48]} 6. c4 {[%clk 1:28:45]} Bxc5 {[%clk 1:29:12]} 7. a3
{[%clk 1:28:24]} O-O {[%clk 1:26:11]} 8. Be2 {[%clk 1:28:19]} dxc4
{[%clk 1:18:19]} 9. Qxd8 {[%clk 1:27:31]} Rxd8 {[%clk 1:14:40]} 10. Bxc4
{[%clk 1:27:27]} b6 {[%clk 1:09:33]} 11. O-O {[%clk 1:23:09]} Nh5
{[%clk 0:52:52]} 12. Ne5 {[%clk 1:12:28]} Na5 {[%clk 0:49:18]} 13. Be2
{[%clk 0:51:48]} Nxf4 {[%clk 0:47:58]} 14. exf4 {[%clk 0:52:13]} Nb3
{[%clk 0:44:31]} 15. Ra2 {[%clk 0:52:42]} Bb7 {[%clk 0:43:36]} 16. Nc3
{[%clk 0:49:32]} Rac8 {[%clk 0:37:09]} 17. Bd1 {[%clk 0:34:14]} Nd2
{[%clk 0:28:35]} 18. Re1 {[%clk 0:34:34]} Bd4 {[%clk 0:27:09]} 19. Ba4
{[%clk 0:21:19]} Bxc3 {[%clk 0:21:09]} 20. bxc3 {[%clk 0:21:42]} Ne4
{[%clk 0:21:14]} 21. Rc2 {[%clk 0:15:09]} Rxc3 {[%clk 0:18:54]} 22. Rxc3
{[%clk 0:15:18]} Nxc3 {[%clk 0:19:19]} 23. Bb3 {[%clk 0:15:36]} g6
{[%clk 0:17:36]} 24. h3 {[%clk 0:13:17]} Rd2 {[%clk 0:16:31]} 25. Nc4
{[%clk 0:10:17]} Rd4 {[%clk 0:14:18]} 26. g3 {[%clk 0:06:42]} Bd5
{[%clk 0:12:59]} 27. Re3 {[%clk 0:06:45]} Nd1 {[%clk 0:10:21]} 28. Re1
{[%clk 0:05:21]} Nxf2 {[%clk 0:10:30]} 29. Kxf2 {[%clk 0:05:45]} Bxc4
{[%clk 0:10:55]} 30. Bxc4 {[%clk 0:05:21]} Rxc4 {[%clk 0:11:21]} 31. Re3
{[%clk 0:05:22]} h5 {[%clk 0:11:22]} 32. Kf3 {[%clk 0:05:41]} Kf8
{[%clk 0:09:57]} 33. Rd3 {[%clk 0:05:50]} Ke7 {[%clk 0:10:18]} 0-1

[Event "ccc 2015 1"]
[Site "?"]
[Date "2015.04.30"]
[Round "2.12"]
[White "Shen, Victor"]
[Black "Stojanovski, Sandi"]
[Result "1-0"]
[BlackElo "2232"]
[WhiteElo "2394"]
[LiveChessVersion "1.4.5"]

1. e4 {[%clk 1:30:53]} c5 {[%clk 1:28:20]} 2. Nf3 {[%clk 1:30:42]} Nc6
{[%clk 1:28:05]} 3. d4 {[%clk 1:30:58]} cxd4 {[%clk 1:27:32]} 4. Nxd4
{[%clk 1:31:20]} Nf6 {[%clk 1:26:36]} 5. Nc3 {[%clk 1:31:42]} e5 {[%clk 1:25:33]}
6. Ndb5 {[%clk 1:32:03]} d6 {[%clk 1:24:42]} 7. Bg5 {[%clk 1:32:06]} a6
{[%clk 1:24:11]} 8. Na3 {[%clk 1:32:26]} b5 {[%clk 1:23:19]} 9. Nd5
{[%clk 1:32:47]} Be7 {[%clk 1:22:53]} 10. Bxf6 {[%clk 1:33:10]} Bxf6
{[%clk 1:22:28]} 11. c4 {[%clk 1:33:31]} b4 {[%clk 1:16:38]} 12. Nc2
{[%clk 1:33:38]} a5 {[%clk 1:10:55]} 13. Be2 {[%clk 1:33:50]} O-O
{[%clk 1:06:27]} 14. O-O {[%clk 1:34:04]} Bg5 {[%clk 1:03:13]} 15. Qd3
{[%clk 1:34:15]} Be6 {[%clk 0:53:04]} 16. Rfd1 {[%clk 1:34:25]} Rc8
{[%clk 0:50:18]} 17. a3 {[%clk 1:23:47]} bxa3 {[%clk 0:39:42]} 18. Qxa3
{[%clk 1:24:00]} Rb8 {[%clk 0:28:18]} 19. Rd3 {[%clk 1:12:48]} Qc8
{[%clk 0:16:08]} 20. b3 {[%clk 0:26:02]} Rd8 {[%clk 0:05:38]} 21. Nde3
{[%clk 0:24:20]} Be7 {[%clk 0:05:06]} 22. Qc1 {[%clk 0:23:40]} Rd7
{[%clk 0:04:19]} 23. Nd5 {[%clk 0:17:31]} Bd8 {[%clk 0:03:13]} 24. Ra3
{[%clk 0:15:09]} Bb6 {[%clk 0:01:42]} 25. Rg3 {[%clk 0:01:46]} Qd8
{[%clk 0:01:02]} 26. Qh6 {[%clk 0:01:23]} g6 {[%clk 0:01:02]} 27. Bg4
{[%clk 0:00:45]} Nd4 {[%clk 0:00:34]} 28. Nxd4 {[%clk 0:00:46]} Bxd4
{[%clk 0:00:39]} 29. Rh3 {[%clk 0:00:48]} f5 {[%clk 0:00:48]} 30. Bxf5
{[%clk 0:00:38]} Bxf5 {[%clk 0:00:44]} 31. exf5 {[%clk 0:01:07]} Qf8 32. Qxf8+
{[%clk 0:00:37]} Rxf8 {[%clk 0:00:44]} 33. f6 {[%clk 0:00:57]} e4
{[%clk 0:00:33]} 34. Rh4 {[%clk 0:01:03]} Rxf6 {[%clk 0:00:31]} 35. Nxf6+
{[%clk 0:00:47]} Bxf6 {[%clk 0:00:55]} 36. Rxe4 {[%clk 0:01:05]} Bc3
{[%clk 0:01:15]} 37. Re3 {[%clk 0:01:00]} Bb4 {[%clk 0:01:40]} 38. Ra1
{[%clk 0:01:15]} Kf7 {[%clk 0:01:16]} 39. Rd1 {[%clk 0:00:54]} Bc5
{[%clk 0:01:34]} 40. Rf3+ {[%clk 0:01:12]} Kg7 {[%clk 0:01:30]} 41. Re1
{[%clk 0:00:59]} Rb7 {[%clk 0:01:49]} 42. g3 {[%clk 0:01:02]} Rb4
{[%clk 0:01:33]} 43. Ra1 {[%clk 0:01:37]} Bb6 {[%clk 0:01:47]} 44. Ra4 1-0

[Event "ccc 2015 1"]
[Site "?"]
[Date "2015.04.30"]
[Round "2.13"]
[White "Nielsen, Thomas Bach"]
[Black "Christiansen, Johan-Sebastian"]
[Result "1-0"]
[BlackElo "2392"]
[WhiteElo "2197"]
[LiveChessVersion "1.4.5"]

1. d4 {[%clk 1:30:56]} d5 {[%clk 1:30:55]} 2. c4 {[%clk 1:31:20]} dxc4
{[%clk 1:31:21]} 3. Nc3 {[%clk 1:31:27]} a6 {[%clk 1:31:04]} 4. a4
{[%clk 1:29:50]} Nc6 {[%clk 1:29:01]} 5. Nf3 {[%clk 1:27:24]} Nf6
{[%clk 1:29:22]} 6. e3 {[%clk 1:18:03]} Na5 {[%clk 1:27:43]} 7. Ne5
{[%clk 1:16:31]} Be6 {[%clk 1:28:04]} 8. e4 {[%clk 1:14:40]} c6 {[%clk 1:27:11]}
9. Be2 {[%clk 1:10:16]} Nb3 {[%clk 1:24:17]} 10. Rb1 {[%clk 1:09:15]} Nxd4
{[%clk 1:20:25]} 11. f4 {[%clk 1:04:16]} g6 {[%clk 1:01:18]} 12. g4
{[%clk 0:58:52]} Nxe2 {[%clk 0:53:45]} 13. Qxe2 {[%clk 0:58:54]} Bg7
{[%clk 0:49:30]} 14. f5 {[%clk 0:57:47]} Bc8 {[%clk 0:48:36]} 15. Qxc4
{[%clk 0:53:23]} O-O {[%clk 0:48:28]} 16. O-O {[%clk 0:53:22]} b5
{[%clk 0:42:41]} 17. Qc5 {[%clk 0:46:15]} Qd6 {[%clk 0:27:34]} 18. Qxd6
{[%clk 0:43:28]} exd6 {[%clk 0:27:29]} 19. Nxc6 {[%clk 0:43:44]} Bb7
{[%clk 0:25:26]} 20. axb5 {[%clk 0:40:55]} axb5 {[%clk 0:25:47]} 21. Ne7+
{[%clk 0:32:30]} Kh8 {[%clk 0:26:16]} 22. g5 {[%clk 0:32:44]} Ng8
{[%clk 0:23:42]} 23. Ned5 {[%clk 0:27:48]} Bd4+ {[%clk 0:23:51]} 24. Be3
{[%clk 0:27:59]} Bxe3+ {[%clk 0:23:59]} 25. Nxe3 {[%clk 0:28:19]} b4
{[%clk 0:20:02]} 26. Ncd5 {[%clk 0:28:33]} Rae8 {[%clk 0:05:11]} 27. Rf4
{[%clk 0:28:15]} b3 {[%clk 0:04:39]} 28. Rd1 {[%clk 0:23:10]} Ra8
{[%clk 0:03:33]} 29. Rd3 {[%clk 0:18:08]} Ra1+ {[%clk 0:03:53]} 30. Kg2
{[%clk 0:18:09]} Re8 {[%clk 0:03:10]} 31. Rxb3 {[%clk 0:17:53]} Ba8
{[%clk 0:03:39]} 32. f6 {[%clk 0:13:20]} Ra4 {[%clk 0:01:57]} 33. Kf3
{[%clk 0:12:05]} h6 {[%clk 0:01:48]} 34. h4 {[%clk 0:12:28]} Rd4 {[%clk 0:01:57]}
35. Rb6 {[%clk 0:11:35]} Rd3 {[%clk 0:01:49]} 36. Rxd6 {[%clk 0:11:42]} Rd4
{[%clk 0:01:36]} 37. Rd7 {[%clk 0:11:02]} Rd3 {[%clk 0:02:05]} 38. Nb6
{[%clk 0:10:21]} Rxd7 {[%clk 0:02:12]} 39. Nxd7 {[%clk 0:10:46]} Bc6
{[%clk 0:02:24]} 40. Nb6 {[%clk 0:09:39]} Re5 {[%clk 0:02:23]} 41. Rg4
{[%clk 0:07:01]} Rb5 {[%clk 0:02:36]} 42. Nbc4 {[%clk 0:07:08]} Bd7
{[%clk 0:02:40]} 43. Rg2 {[%clk 0:07:08]} Be6 {[%clk 0:02:47]} 44. Kf4
{[%clk 0:07:00]} Rb4 {[%clk 0:03:02]} 45. Rc2 {[%clk 0:06:46]} Kh7
{[%clk 0:02:47]} 46. Ne5 {[%clk 0:06:06]} Rb5 {[%clk 0:03:12]} 47. Nxf7
{[%clk 0:04:35]} Bxf7 {[%clk 0:03:05]} 48. Rc7 {[%clk 0:05:01]} hxg5+
{[%clk 0:03:32]} 49. hxg5 {[%clk 0:05:24]} Nh6 {[%clk 0:03:57]} 50. gxh6
{[%clk 0:05:35]} g5+ {[%clk 0:04:27]} 51. Kg3 {[%clk 0:02:10]} Kg6
{[%clk 0:04:36]} 52. h7 {[%clk 0:02:17]} Rb8 {[%clk 0:05:01]} 53. Ng4
{[%clk 0:01:55]} Be6 {[%clk 0:04:45]} 54. Rg7+ {[%clk 0:01:45]} Kh5
{[%clk 0:05:14]} 55. f7 {[%clk 0:01:48]} Rb3+ {[%clk 0:01:13]} 56. Kg2
{[%clk 0:02:12]} Kxg4 {[%clk 0:01:33]} 57. f8=Q {[%clk 0:02:34]} Rxb2+
{[%clk 0:01:59]} 58. Qf2 {[%clk 0:02:49]} 1-0

[Event "ccc 2015 1"]
[Site "?"]
[Date "2015.04.30"]
[Round "2.14"]
[White "Akdag, Dara Sevkan"]
[Black "Kristensen, Kåre Hove"]
[Result "0-1"]
[BlackElo "2380"]
[WhiteElo "2184"]
[LiveChessVersion "1.4.5"]

1. d4 {[%clk 1:24:55]} d5 {[%clk 1:30:06]} 2. c4 {[%clk 1:25:19]} c6
{[%clk 1:30:18]} 3. Nc3 {[%clk 1:25:37]} Nf6 {[%clk 1:30:25]} 4. Nf3
{[%clk 1:26:02]} e6 {[%clk 1:30:42]} 5. e3 {[%clk 1:26:26]} Nbd7 {[%clk 1:30:55]}
6. Bd3 {[%clk 1:26:50]} dxc4 {[%clk 1:31:17]} 7. Bxc4 {[%clk 1:27:14]} b5
{[%clk 1:31:36]} 8. Be2 {[%clk 1:27:38]} Bb7 {[%clk 1:31:56]} 9. O-O
{[%clk 1:28:00]} Be7 {[%clk 1:32:00]} 10. e4 {[%clk 1:28:04]} b4 {[%clk 1:31:58]}
11. e5 {[%clk 1:28:21]} bxc3 {[%clk 1:32:19]} 12. exf6 {[%clk 1:28:45]} Bxf6
{[%clk 1:32:36]} 13. bxc3 {[%clk 1:28:49]} c5 {[%clk 1:32:34]} 14. Qd3
{[%clk 1:11:51]} O-O {[%clk 1:29:00]} 15. Rd1 {[%clk 0:58:49]} Qc7
{[%clk 1:27:04]} 16. Ng5 {[%clk 0:52:49]} Bxg5 {[%clk 1:22:24]} 17. Bxg5
{[%clk 0:53:13]} h6 {[%clk 1:22:01]} 18. Bh4 {[%clk 0:48:54]} cxd4
{[%clk 1:15:05]} 19. cxd4 {[%clk 0:48:16]} Qf4 {[%clk 1:11:24]} 20. Qh3
{[%clk 0:36:49]} Nf6 {[%clk 1:07:23]} 21. Bg3 {[%clk 0:35:55]} Qg5
{[%clk 1:06:37]} 22. Bh4 {[%clk 0:36:09]} Bxg2 {[%clk 0:46:16]} 23. Qxg2
{[%clk 0:26:19]} Qxh4 {[%clk 0:46:34]} 24. Rd3 {[%clk 0:26:25]} Nd5
{[%clk 0:44:38]} 25. Qg3 {[%clk 0:20:32]} Qg5 {[%clk 0:38:43]} 26. Bf3
{[%clk 0:19:08]} Rad8 {[%clk 0:36:42]} 27. Qxg5 {[%clk 0:17:21]} hxg5
{[%clk 0:37:03]} 28. Bxd5 {[%clk 0:17:47]} Rxd5 {[%clk 0:37:10]} 29. Ra3
{[%clk 0:18:13]} a5 {[%clk 0:35:18]} 30. Rc1 {[%clk 0:18:25]} Rb8
{[%clk 0:34:33]} 31. Rc5 {[%clk 0:17:22]} Rb5 {[%clk 0:32:24]} 32. Rc8+
{[%clk 0:17:48]} Kh7 {[%clk 0:32:40]} 33. Rc7 {[%clk 0:17:53]} Kg6
{[%clk 0:32:38]} 34. Ra7 {[%clk 0:18:03]} Rxd4 {[%clk 0:31:44]} 35. R7xa5
{[%clk 0:16:52]} Rg4+ {[%clk 0:31:49]} 36. Kf1 {[%clk 0:16:59]} Rb1+
{[%clk 0:32:06]} 37. Ke2 {[%clk 0:17:18]} Rb2+ {[%clk 0:32:24]} 38. Ke3
{[%clk 0:15:08]} Rg2 {[%clk 0:31:57]} 0-1

[Event "ccc 2015 1"]
[Site "?"]
[Date "2015.04.30"]
[Round "2.15"]
[White "Ahlander, Bjørn"]
[Black "Nielsen, Lars Aaes"]
[Result "1-0"]
[BlackElo "2219"]
[WhiteElo "2372"]
[LiveChessVersion "1.4.5"]

1. e4 {[%clk 1:30:56]} e6 {[%clk 1:30:56]} 2. d4 {[%clk 1:31:18]} d5
{[%clk 1:31:24]} 3. Nd2 {[%clk 1:31:40]} Be7 {[%clk 1:28:14]} 4. Ngf3
{[%clk 1:32:00]} Nf6 {[%clk 1:28:27]} 5. Bd3 {[%clk 1:31:56]} dxe4
{[%clk 1:23:33]} 6. Nxe4 {[%clk 1:32:02]} Nbd7 {[%clk 1:23:47]} 7. O-O
{[%clk 1:32:21]} O-O {[%clk 1:19:55]} 8. Qe2 b6 {[%clk 1:18:38]} 9. Nxf6+
{[%clk 1:29:35]} Nxf6 {[%clk 1:18:50]} 10. Bg5 {[%clk 1:29:38]} Bb7
{[%clk 1:18:47]} 11. Rad1 {[%clk 1:29:56]} h6 {[%clk 1:06:03]} 12. Bc1
{[%clk 1:29:37]} Qd5 {[%clk 1:06:13]} 13. Bf4 {[%clk 1:15:42]} Bd6
{[%clk 0:55:16]} 14. Be5 {[%clk 1:12:54]} Rfd8 {[%clk 0:45:28]} 15. c4
{[%clk 1:10:00]} Qa5 {[%clk 0:45:45]} 16. Bxf6 {[%clk 1:04:48]} gxf6
{[%clk 0:45:22]} 17. d5 {[%clk 1:04:56]} exd5 {[%clk 0:42:56]} 18. Nd4
{[%clk 1:03:23]} dxc4 {[%clk 0:42:19]} 19. Nf5 {[%clk 1:01:27]} cxd3
{[%clk 0:36:38]} 20. Qg4+ {[%clk 1:00:14]} Kf8 {[%clk 0:37:06]} 21. Rfe1
{[%clk 0:59:39]} Be5 {[%clk 0:36:51]} 22. Qg7+ {[%clk 0:59:35]} Ke8
{[%clk 0:37:16]} 23. Qxf6 {[%clk 0:59:30]} 1-0

[Event "ccc 2015 1"]
[Site "?"]
[Date "2015.04.30"]
[Round "2.16"]
[White "Pedersen, Nicolai Kvist Brondt"]
[Black "Christensen, Tobias Bent"]
[Result "1-0"]
[BlackElo "2358"]
[WhiteElo "2146"]
[LiveChessVersion "1.4.5"]

1. c4 {[%clk 1:26:43]} g6 {[%clk 1:30:32]} 2. Nc3 {[%clk 1:25:56]} Bg7
{[%clk 1:30:58]} 3. g3 {[%clk 1:25:35]} e6 {[%clk 1:31:22]} 4. d4
{[%clk 1:23:53]} Ne7 {[%clk 1:31:47]} 5. Bg2 {[%clk 1:22:54]} d5 {[%clk 1:31:23]}
6. Bg5 {[%clk 1:16:36]} f6 {[%clk 1:20:43]} 7. Bf4 {[%clk 1:13:53]} O-O
{[%clk 1:10:21]} 8. cxd5 {[%clk 1:03:54]} Nxd5 {[%clk 0:49:57]} 9. Bd2
{[%clk 0:57:11]} Nc6 {[%clk 0:47:00]} 10. Nf3 {[%clk 0:52:23]} Nb6
{[%clk 0:46:12]} 11. e3 {[%clk 0:51:24]} Bd7 {[%clk 0:37:21]} 12. Ne4
{[%clk 0:47:34]} a5 {[%clk 0:26:57]} 13. Nc5 {[%clk 0:44:12]} Bc8
{[%clk 0:25:16]} 14. O-O {[%clk 0:40:37]} Nd5 {[%clk 0:24:43]} 15. Rc1
{[%clk 0:34:02]} Qe8 {[%clk 0:22:20]} 16. e4 {[%clk 0:30:09]} Nb6
{[%clk 0:17:56]} 17. Re1 {[%clk 0:27:05]} Qf7 {[%clk 0:17:01]} 18. Bc3
{[%clk 0:24:13]} Rd8 {[%clk 0:13:48]} 19. Qe2 {[%clk 0:22:25]} e5
{[%clk 0:08:43]} 20. d5 {[%clk 0:20:09]} Nb4 {[%clk 0:09:06]} 21. b3
{[%clk 0:18:02]} Bh6 {[%clk 0:07:13]} 22. Bd2 {[%clk 0:15:36]} Bf8
{[%clk 0:07:22]} 23. a3 {[%clk 0:14:24]} Na6 {[%clk 0:07:33]} 24. Be3
{[%clk 0:13:23]} Bd6 {[%clk 0:04:04]} 25. Qb2 {[%clk 0:12:32]} Nxc5
{[%clk 0:03:18]} 26. Bxc5 {[%clk 0:12:57]} Qe7 {[%clk 0:03:14]} 27. Bxd6
{[%clk 0:11:32]} cxd6 {[%clk 0:03:16]} 28. Qc3 {[%clk 0:10:16]} Bg4
{[%clk 0:02:38]} 29. Qe3 {[%clk 0:09:32]} Nc8 {[%clk 0:01:21]} 30. Rc3
{[%clk 0:08:54]} b5 {[%clk 0:01:02]} 31. Rec1 {[%clk 0:08:19]} Qa7
{[%clk 0:01:28]} 32. Qh6 {[%clk 0:07:10]} Qg7 {[%clk 0:01:21]} 33. Qxg7+
{[%clk 0:06:25]} Kxg7 {[%clk 0:01:50]} 34. Rc7+ {[%clk 0:06:40]} Kg8
{[%clk 0:02:11]} 35. h3 {[%clk 0:05:25]} Bd7 {[%clk 0:02:18]} 36. Rb7
{[%clk 0:05:21]} Ra7 {[%clk 0:01:22]} 37. Rxc8 {[%clk 0:05:16]} 1-0